000 00466nam a22001817a 4500
005 20250910150725.0
020 _a9781071646328
100 _aDeitmar, Anton
_91199
245 _aPrinciples of harmonic analysis
260 _aNew York
_bSpringer
_c2025
300 _axv+333
490 _aUniversitext
650 _aTopology
_91200
650 _aWavelets
_91201
650 _aFunctional analysis
_91202
700 _aEchterhoff, Siegfried
_91203
942 _2ddc
_cBK
999 _c751228
_d751228